header

Healing and society in medieval England (Record no. 5625)

MARC details
000 -LEADER
fixed length control field 01613nam a2200361Ia 4500
001 - CONTROL NUMBER
control field ebr10701562
003 - CONTROL NUMBER IDENTIFIER
control field CaPaEBR
006 - FIXED-LENGTH DATA ELEMENTS--ADDITIONAL MATERIAL CHARACTERISTICS--GENERAL INFORMATION
fixed length control field m o u
007 - PHYSICAL DESCRIPTION FIXED FIELD--GENERAL INFORMATION
fixed length control field cr cn|||||||||
008 - FIXED-LENGTH DATA ELEMENTS--GENERAL INFORMATION
fixed length control field 900907s1991 wiu sb s000 0 eng d
010 ## - LIBRARY OF CONGRESS CONTROL NUMBER
Canceled/invalid LC control number 90050643
020 ## - INTERNATIONAL STANDARD BOOK NUMBER
Cancelled/invalid ISBN 9780299129309
Cancelled/invalid ISBN 9780299129330
Cancelled/invalid ISBN 0299129306 (cloth)
040 ## - CATALOGING SOURCE
Original cataloging agency CaPaEBR
Transcribing agency CaPaEBR
035 ## - SYSTEM CONTROL NUMBER
System control number (OCoLC)551529304
041 1# - LANGUAGE CODE
Language code of text/sound track or separate title eng
-- enm
-- lat
050 14 - LIBRARY OF CONGRESS CALL NUMBER
Classification number R487.G55313
Item number G48 1991eb
082 04 - DEWEY DECIMAL CLASSIFICATION NUMBER
Classification number 610/.942/0902
Edition number 20
245 00 - TITLE STATEMENT
Title Healing and society in medieval England
Medium [electronic resource] :
Remainder of title a middle English translation of the pharmaceutical writings of Gilbertus Anglicus /
Statement of responsibility, etc edited with an introduction and notes by Faye Marie Getz.
260 ## - PUBLICATION, DISTRIBUTION, ETC. (IMPRINT)
Place of publication, distribution, etc Madison, WI :
Name of publisher, distributor, etc University of Wisconsin Press,
Date of publication, distribution, etc c1991.
300 ## - PHYSICAL DESCRIPTION
Extent lxxiii, 378 p.
490 0# - SERIES STATEMENT
Series statement Wisconsin publications in the history of science and medicine ;
Volume number/sequential designation no.8
500 ## - GENERAL NOTE
General note Originally presented as the editor's thesis (doctoral)--University of Toronto, 1981.
504 ## - BIBLIOGRAPHY, ETC. NOTE
Bibliography, etc Includes bibliographical references.
533 ## - REPRODUCTION NOTE
Type of reproduction Electronic reproduction.
Place of reproduction Palo Alto, Calif. :
Agency responsible for reproduction ebrary,
Date of reproduction 2013.
Note about reproduction Available via World Wide Web.
-- Access may be limited to ebrary affiliated libraries.
600 00 - SUBJECT ADDED ENTRY--PERSONAL NAME
Personal name Gilbertus,
Titles and other words associated with a name Anglicus.
Title of a work Compendium medicinae.
Language of a work English (Middle English)
650 #0 - SUBJECT ADDED ENTRY--TOPICAL TERM
Topical term or geographic name as entry element Medicine, Medieval
Geographic subdivision England.
655 #7 - INDEX TERM--GENRE/FORM
Genre/form data or focus term Electronic books.
Source of term local
700 1# - ADDED ENTRY--PERSONAL NAME
Personal name Getz, Faye Marie,
Dates associated with a name 1952-
710 2# - ADDED ENTRY--CORPORATE NAME
Corporate name or jurisdiction name as entry element ebrary, Inc.
856 40 - ELECTRONIC LOCATION AND ACCESS
Uniform Resource Identifier <a href="http://site.ebrary.com/lib/rucke/Doc?id=10701562">http://site.ebrary.com/lib/rucke/Doc?id=10701562</a>
Public note An electronic book accessible through the World Wide Web; click to view

No items available.

© 2026 Rongo University
Contact us: librarian | system librarian | Rongo university